42 Biggest Places In Rhode Island - Statistics

General Stats
  • This quiz has been taken 2 times
  • The average score is 25 of 50
Answer Stats
First Letter County(s) Population Answer % Correct
C Providence 82,509 Cranston
100%
E Providence 46,800 East Providence
100%
N Newport 24,453 Newport
100%
N Providence 34,002 North Providence
100%
P Providence 75,213 Pawtucket
100%
P Providence 190,823 Providence
100%
T Newport 15,747 Tiverton
100%
T Newport 8,237 Tiverton
100%
W Kent 83,095 Warwick
100%
W Washington 23,085 Westerly
100%
W Washington 18,356 Westerly
100%
W Providence 43,119 Woonsocket
100%
B Bristol 21,991 Bristol
50%
B Providence 16,565 Burrillville
50%
C Providence 22,540 Central Falls
50%
C Washington 8,030 Charlestown
50%
C Washington 2,128 Charlestown
50%
C Kent 35,747 Coventry
50%
C Providence 36,989 Cumberland
50%
E Kent 14,746 East Greenwich
50%
E Washington 6,523 Exeter
50%
H Washington 2,358 Hope Valley
50%
H Washington 8,378 Hopkinton
50%
J Newport 5,410 Jamestown
50%
J Providence 30,021 Johnston
50%
L Providence 23,334 Lincoln
50%
M Newport 16,184 Middletown
50%
N Washington 14,239 Narragansett
50%
N Washington 27,735 North Kingstown
50%
N Providence 12,683 North Smithfield
50%
P Newport 17,081 Portsmouth
50%
S Providence 10,668 Scituate
50%
S Providence 22,276 Smithfield
50%
S Washington 31,935 South Kingstown
50%
W Bristol 11,159 Warren
50%
W Kent 6,715 West Greenwich
50%
W Kent 31,263 West Warwick
50%
B Bristol 17,001 Barrington
0%
C Providence 9,099 Cumberland Hill
0%
F Providence 4,545 Foster
0%
G Providence 10,380 Glocester
0%
G Providence 8,807 Greenville
0%
K Washington 6,456 Kingston
0%
L Newport 3,505 Little Compton
0%
M Newport 2,068 Melville
0%
N Washington 2,654 Narragansett Pier
0%
N Newport 11,613 Newport East
0%
P Providence 4,514 Pascoag
0%
R Washington 8,113 Richmond
0%
W Washington 12,458 Wakefield-Peace Dale
0%
No matching quizzes found
Score Distribution
Percent of People with Each Score
Percentile by Number Answered
Your Score History
You have not taken this quiz